Publikovanie geopriestorových dát na podporu priestorovej analýzy v parašutistickej prevádzke
Uložené v:
| Hlavný autor: | |
|---|---|
| Ďalší autori: | |
| Médium: | Rukopis Kniha |
| Jazyk: | Slovak |
| Vydavateľské údaje: |
2024
|
| Predmet: | |
| On-line prístup: | http://is.stuba.sk/zp/portal_zp.pl?podrobnosti=179144 https://opac.crzp.sk/?fn=detailBiblioForm&sid=9A7D98113A4E7D6F03AE70A0EB46 |
| Tagy: |
Žiadne tagy, Buďte prvý, kto otaguje tento záznam!
|
MARC
| LEADER | 00000ntm a22000003a 4500 | ||
|---|---|---|---|
| 001 | stuzp99101 | ||
| 003 | SK-STU | ||
| 005 | 20240925104309.7 | ||
| 007 | ta | ||
| 008 | 150427s2015----xo-----f-mn---000-0-slo-d | ||
| 040 | |a STU |b slo | ||
| 041 | 0 | |a slo | |
| 100 | 1 | |a Pavelka, Dávid |u 010130 |4 aut |U SvF Stavebná fakulta |T SvF Katedra globálnej geodézie a geoinformatiky |X 92889 |U V130 |Y 13 |7 92889 | |
| 242 | 0 | 1 | |a Publication of geospatial data to support spatial analysis in parachuting operations |y eng |
| 245 | 1 | 0 | |a Publikovanie geopriestorových dát na podporu priestorovej analýzy v parašutistickej prevádzke |
| 260 | |c 2024 | ||
| 650 | 4 | |a ArcGIS Pro |2 slo | |
| 650 | 4 | |a Python |2 slo | |
| 650 | 4 | |a Priestorová analýza |2 slo | |
| 650 | 4 | |a Online publikácia |2 slo | |
| 650 | 4 | |a Model |2 slo | |
| 650 | 4 | |a Automatizácia |2 slo | |
| 650 | 4 | |a Vizualizácia |2 slo | |
| 650 | 4 | |a ArcGIS Pro |2 eng | |
| 650 | 4 | |a Automation |2 eng | |
| 650 | 4 | |a Visualization |2 eng | |
| 650 | 4 | |a Spatial analysis |2 eng | |
| 650 | 4 | |a Python |2 eng | |
| 650 | 4 | |a Model |2 eng | |
| 650 | 4 | |a Online publication |2 eng | |
| 700 | 1 | |a Faixová Chalachanová, Jana |u 010130 |k Z1 |4 ths |U SvF Stavebná fakulta |T SvF Katedra globálnej geodézie a geoinformatiky |X 4051 |U V130 |Y 13 |7 A000004051 | |
| 856 | 4 | |u http://is.stuba.sk/zp/portal_zp.pl?podrobnosti=179144 | |
| 856 | 4 | |u https://opac.crzp.sk/?fn=detailBiblioForm&sid=9A7D98113A4E7D6F03AE70A0EB46 | |